Principles of Medicinal Chemistry including Proteomics / (Record no. 36193)

MARC details
000 -LEADER
fixed length control field 00536nam a22001817a 4500
005 - DATE AND TIME OF LATEST TRANSACTION
control field 20240723130447.0
008 - FIXED-LENGTH DATA ELEMENTS--GENERAL INFORMATION
fixed length control field 240723b |||||||| |||| 00| 0 eng d
020 ## - INTERNATIONAL STANDARD BOOK NUMBER
ISBN 9788123919867
082 ## - DEWEY DECIMAL CLASSIFICATION NUMBER
Classification number 612
Item number RAN-P
100 ## - MAIN ENTRY--AUTHOR
Author Name Ranganathan Sushilee
245 ## - TITLE STATEMENT
Title Principles of Medicinal Chemistry including Proteomics /
Statement of responsibility, etc. Ranganathan Sushilee, Jerad Suresh
260 ## - PUBLICATION, DISTRIBUTION, ETC.
Place of Publication India:
Name of publisher, distributor, etc. CBS;
Date of publication, distribution, etc. 2011
300 ## - PHYSICAL DESCRIPTION
Pages viii,496p.
500 ## - GENERAL NOTE
General note include index .
650 ## - SUBJECT ADDED ENTRY--TOPICAL TERM
Subject / Department Medical / Chemistry
700 ## - ADDED ENTRY--PERSONAL NAME
Personal name Jerad Suresh
300 ## - PHYSICAL DESCRIPTION
-- ill;
-- 24 cm.
952 ## - LOCATION AND ITEM INFORMATION (KOHA)
-- 0
-- 0
952 ## - LOCATION AND ITEM INFORMATION (KOHA)
-- 0
-- 0
952 ## - LOCATION AND ITEM INFORMATION (KOHA)
-- 0
-- 0
Holdings
Lost status Damaged status Collection code Permanent Location Current Location Shelving Location Date acquired Full Call Number Accession No./Barcode Date last seen Copy number item type Koha item type
    Medical Superior Information Resource Center (SIRC) Superior University- Main Campus Superior Information Resource Center (SIRC) Superior University- Main Campus Chemistry 07/23/2024 612 RAN-P 2011 10055 07/23/2024 1 BOOK BOOK
    Medical Superior Information Resource Center (SIRC) Superior University- Main Campus Superior Information Resource Center (SIRC) Superior University- Main Campus Chemistry 07/23/2024 612 RAN-P 2011 10056 07/23/2024 2 BOOK BOOK
    Medical Superior Information Resource Center (SIRC) Superior University- Main Campus Superior Information Resource Center (SIRC) Superior University- Main Campus Chemistry 07/23/2024 612 RAN-P 2011 10057 07/23/2024 3 BOOK BOOK

Powered by Koha